Fire Emblem Heroes Dagger Flying Units - Statistics

General Stats
  • This quiz has been taken 78 times
    28 since last reset
  • The average score is 8 of 18
Answer Stats
Answer % Correct
Ashe (Spring)
80%
Petra
80%
Eir
60%
Eir (New Year)
60%
Kagero (Spring)
60%
Camilla (Hot Springs)
40%
Claude (Summer)
40%
Claude (Wind)
40%
Ethlyn (Performing)
40%
Hinoka (Hot Springs)
40%
Igrene (Ninja)
40%
Lyn (Ninja)
40%
Mirabilis (Winter)
40%
Palla (Spring)
40%
Sothe (Pirate)
40%
Tana (Flame)
40%
Lachesis (Performing)
20%
Tethys (Desert)
20%
No matching quizzes found
Score Distribution
Percent of People with Each Score
Percentile by Number Answered
Your Score History
You have not taken this quiz since the last reset